| 000 | 00844nam a22003014a 4500 | ||
|---|---|---|---|
| 001 | UByD003387 | ||
| 003 | AR-LpoUNG | ||
| 005 | 20241127150220.0 | ||
| 008 | 241127s2003 uk g d 000 0 eng d | ||
| 020 | _a0194316009 | ||
| 040 |
_aAR-LpoUNG _bspa _cAR-LpoUNG _eaacr |
||
| 041 | 1 |
_aeng _aspa |
|
| 082 | 0 | _aR428 98dic | |
| 110 | 2 | _aOxford University | |
| 245 | 1 | 0 |
_aDiccionario Oxford pocket edición latinoamericana : _bespañol-inglés inglés-español |
| 250 | _a1ra. ed. | ||
| 260 |
_aOxford : _bOxford University, _c2003. |
||
| 300 | _a503 p. | ||
| 650 | 4 | _aDICCIONARIOS | |
| 650 | 4 | _aLENGUA INGLESA | |
| 650 | 4 | _aLENGUA ESPAÑOLA | |
| 650 | 4 | _aLEXICOGRAFIA | |
| 650 | 4 | _aMATERIAL DE REFERENCIA | |
| 650 | 4 | _aTERMINOLOGIA | |
| 653 | 0 | _aDICCIONARIOS BILINGÜES | |
| 653 | 0 | _aDICCIONARIOS DE INGLES | |
| 942 |
_2ddc _cLSALA |
||
| 999 |
_c66063 _d66063 |
||